000 00345 a2200157 4500
001 72516
020 _a8532248438
040 _cAnchieta - Colégio São Paulo
100 _aDansa, Lecticia
240 1 0 _aA origem do amor
_lpor
245 1 0 _aA origem do amor
300 _a31
362 0 _a2002
650 4 _aLiteratura infantil
942 _cBK
999 _c72516
_d72516